Métodos estadísticos : control y mejora de la calidad / Albert Prat Bartés, [et.al.] (Registro nro. 12958)

Detalles MARC
000 -LÍDER
fixed length control field 00624nam a2200157 4500
008 - ELEMENTOS DE LONGITUD FIJA -- INFORMACIÓN GENERAL
fixed length control field 0 2000 0a 000 0MEX
020 ## - NÚMERO INTERNACIONAL NORMALIZADO PARA LIBROS
ISBN 970-15-0452-6
050 ## - SIGNATURA TOPOGRAFICA DE LA BIBLIOTECA DEL CONGRESO (LC)
Número de Clasificación TS156 P7 2000
082 ## - NUMERO DE CLASIFICACION DECIMAL DEWEY
Número de Clasificación 658.562 P911m
100 ## - ASIENTO PRINCIPAL--NOMBRE PERSONAL
Nombre personal Prat Bartés, Albert
245 ## - TÍTULO
Título Métodos estadísticos : control y mejora de la calidad / Albert Prat Bartés, [et.al.]
260 ## - PUBLICACIÓN, DISTRIBUCIÓN, ETC. (PIE DE IMPRENTA)
Lugar de publicación, distribución, etc. México : Alfaomega
300 ## - DESCRIPCIÓN FÍSICA
Extensión 300 p. / 26 cm.
650 ## - ASIENTO SECUNDARIO DE MATERIA - TERMINO TEMÁTICO
Término temático o nombre geográfico como elemento de entrada 1.CONTROL DE CALIDAD-MÉTODOS ESTADÍSTICOS \ 2.ESTADISTICA MATEMATICA
700 ## - ASIENTO SECUNDARIO - NOMBRE PERSONAL
Nombre personal Tort-Martorell Llabr‚s, Xavier. Coaut. \ Grima Cintas, Pere. Coaut. \ Pozueta Fern ndez, Lourdes. Coaut.
Existencias
No. biblioteca No. biblioteca Número de clasificación Código de barras/Número de adquisición Número de copia Tipo de material
LUIS G. INCLAN LUIS G. INCLAN 658.562 P911m 38818 1 Libros
LUIS G. INCLAN LUIS G. INCLAN 658.562 P911m 38819 2 Libros
LUIS G. INCLAN LUIS G. INCLAN 658.562 P911m 38820 3 Libros
LUIS G. INCLAN LUIS G. INCLAN 658.562 P911m 38821 4 Libros
LUIS G. INCLAN LUIS G. INCLAN 658.562 P911m 1419 5 Libros
Calzada Tecnológico # 27, Zacatepec, Morelos.
01(734) 343-07-23 / 343-21-10 / 343-21-11
Apdo. Postal 45 C.P 62780